000 00509nam a2200169Ia 4500
003 GCL
008 140319s9999 xx 000 0 ara d
040 _aGCL /
_cGCL
082 0 4 _aق
_b323.11924062
_bع ى
100 1 _aعرفة عبده على
245 1 0 _aيهود مصر : بارونات ورؤساء /
_cعرفة عبده على
300 _a261 ص
490 _aالهيئة العامة للاستعلامات
_v0
650 0 4 _aاليهود فى مصر
650 0 4 _aاليهود
942 _2ddc
_cBK
999 _c48716
_d48716